<?xml version="1.0" encoding="UTF-8"?>
<record
    xmlns:xsi="http://www.w3.org/2001/XMLSchema-instance"
    xsi:schemaLocation="http://www.loc.gov/MARC21/slim http://www.loc.gov/standards/marcxml/schema/MARC21slim.xsd"
    xmlns="http://www.loc.gov/MARC21/slim">

  <leader>00982nam a22002297a 4500</leader>
  <datafield tag="999" ind1=" " ind2=" ">
    <subfield code="c">63768</subfield>
    <subfield code="d">63768</subfield>
  </datafield>
  <controlfield tag="005">20240530110658.0</controlfield>
  <controlfield tag="008">171224s2011    ua af  f b    000 0 ara d</controlfield>
  <datafield tag="040" ind1=" " ind2=" ">
    <subfield code="a">EG-CaGPL</subfield>
  </datafield>
  <datafield tag="082" ind1="0" ind2="7">
    <subfield code="2">21</subfield>
    <subfield code="a">701.18/</subfield>
    <subfield code="b">&#x62F; &#x647;&#x640;</subfield>
  </datafield>
  <datafield tag="100" ind1="1" ind2=" ">
    <subfield code="a">&#x62F;&#x627;&#x641;&#x646;&#x634;&#x64A; &#x60C; &#x644;&#x64A;&#x648;&#x646;&#x627;&#x631;&#x62F;&#x648;</subfield>
  </datafield>
  <datafield tag="245" ind1="1" ind2="2">
    <subfield code="a">&#x627;&#x644;&#x647;&#x646;&#x62F;&#x633;&#x629; &#x648;&#x627;&#x644;&#x639;&#x645;&#x627;&#x631;&#x629; &#x648;&#x627;&#x644;&#x645;&#x62A;&#x627;&#x62D;&#x641; &#x648;&#x627;&#x644;&#x641;&#x646;&#x648;&#x646; &#x627;&#x644;&#x62A;&#x634;&#x643;&#x64A;&#x644;&#x64A;&#x629; &#x641;&#x64A; &#x627;&#x644;&#x639;&#x635;&#x648;&#x631; &#x627;&#x644;&#x648;&#x633;&#x637;&#x649; /</subfield>
    <subfield code="c">&#x62A;&#x623;&#x644;&#x64A;&#x641; &#x644;&#x64A;&#x648;&#x646;&#x627;&#x631;&#x62F;&#x648; &#x62F;&#x627;&#x641;&#x646;&#x634;&#x64A; &#x61B; &#x62A;&#x631;&#x62C;&#x645;&#x629; &#x641;&#x62E;&#x631;&#x64A; &#x631;&#x64A;&#x627;&#x636; &#x645;&#x648;&#x633;&#x649; .</subfield>
  </datafield>
  <datafield tag="260" ind1=" " ind2=" ">
    <subfield code="a">&#x627;&#x644;&#x642;&#x627;&#x647;&#x631;&#x629; :</subfield>
    <subfield code="b">&#x62F;&#x627;&#x631; &#x627;&#x644;&#x643;&#x62A;&#x627;&#x628; &#x627;&#x644;&#x62D;&#x62F;&#x64A;&#x62B; &#x60C;</subfield>
    <subfield code="c">2011 .</subfield>
  </datafield>
  <datafield tag="300" ind1=" " ind2=" ">
    <subfield code="a">534 &#x635; :</subfield>
    <subfield code="b">&#x627;&#x64A;&#x636; &#x61B;</subfield>
    <subfield code="c">24 &#x633;&#x645; .</subfield>
  </datafield>
  <datafield tag="504" ind1=" " ind2=" ">
    <subfield code="a">&#x628;&#x628;&#x644;&#x64A;&#x648;&#x62C;&#x631;&#x627;&#x641;&#x64A;&#x629; : &#x635; 529 - 534</subfield>
  </datafield>
  <datafield tag="650" ind1="0" ind2="7">
    <subfield code="2">qrmak</subfield>
    <subfield code="a">&#x627;&#x644;&#x641;&#x646; </subfield>
  </datafield>
  <datafield tag="650" ind1="0" ind2="7">
    <subfield code="2">qrmak</subfield>
    <subfield code="a">&#x627;&#x644;&#x641;&#x646;</subfield>
    <subfield code="x">&#x62A;&#x627;&#x631;&#x64A;&#x62E; &#x648;&#x646;&#x642;&#x62F;</subfield>
  </datafield>
  <datafield tag="650" ind1="0" ind2="7">
    <subfield code="2">qrmak</subfield>
    <subfield code="a">&#x627;&#x644;&#x641;&#x646;</subfield>
    <subfield code="x">&#x62A;&#x627;&#x631;&#x64A;&#x62E; &#x648;&#x646;&#x642;&#x62F;</subfield>
    <subfield code="y">&#x627;&#x644;&#x639;&#x635;&#x648;&#x631; &#x627;&#x644;&#x648;&#x633;&#x637;&#x649;</subfield>
  </datafield>
  <datafield tag="650" ind1="0" ind2="7">
    <subfield code="2">qrmak</subfield>
    <subfield code="a">&#x627;&#x644;&#x639;&#x645;&#x627;&#x631;&#x629; </subfield>
  </datafield>
  <datafield tag="700" ind1="0" ind2=" ">
    <subfield code="a">&#x645;&#x62A;&#x631;&#x62C;&#x645; &#x641;&#x62E;&#x631;&#x64A; &#x631;&#x64A;&#x627;&#x636; &#x645;&#x648;&#x633;&#x649;</subfield>
  </datafield>
  <datafield tag="942" ind1=" " ind2=" ">
    <subfield code="2">ddc</subfield>
    <subfield code="c">BK</subfield>
  </datafield>
  <datafield tag="952" ind1=" " ind2=" ">
    <subfield code="0">0</subfield>
    <subfield code="1">0</subfield>
    <subfield code="4">0</subfield>
    <subfield code="7">0</subfield>
    <subfield code="a">CIVIL</subfield>
    <subfield code="b">CIVIL</subfield>
    <subfield code="d">2017-12-24</subfield>
    <subfield code="l">0</subfield>
    <subfield code="o">701.18/ &#x62F; &#x647;&#x640;</subfield>
    <subfield code="p">163878</subfield>
    <subfield code="r">2017-12-24 00:00:00</subfield>
    <subfield code="w">2017-12-24</subfield>
    <subfield code="y">BK</subfield>
  </datafield>
</record>
